| 000 | 00675nam a22002057a 4500 | ||
|---|---|---|---|
| 003 | DO-SdBNP | ||
| 005 | 20220125092200.0 | ||
| 008 | 220125b2021 ||||| |||| 00| 0 spa d | ||
| 020 | _a9789945929805 | ||
| 040 |
_aDO-SdBNP _bspa _cBNPHU |
||
| 082 |
_a616.2 _bE569 |
||
| 245 |
_aEnfrentando la covid-19 en el Caribe : _bexperiencias en República Dominicana y Cuba |
||
| 260 |
_aSanto Domingo : _bFriedrich Eberto Stiftung, _c2021 |
||
| 300 |
_a469 p. : _bil. ; _c22 cm |
||
| 590 | _aInventariado, 2022 / DG | ||
| 650 |
_aInfecciones por coronavirus _zRepública Dominicana _980999 |
||
| 650 |
_aInfecciones por coronavirus _zCuba _981000 |
||
| 910 | _aDG | ||
| 942 |
_2ddc _cLBS1 |
||
| 999 |
_c51213 _d51213 |
||